Why is it hot? / (Record no. 110182)
[ view plain ]
| 000 -LEADER | |
|---|---|
| fixed length control field | 00572nam a2200181 a 4500 |
| 001 - CONTROL NUMBER | |
| control field | 3841 |
| 005 - DATE AND TIME OF LATEST TRANSACTION | |
| control field | 20140414131851.0 |
| 008 - FIXED-LENGTH DATA ELEMENTS--GENERAL INFORMATION | |
| fixed length control field | 040603s19uu xx 00 eng d |
| 050 ## - LIBRARY OF CONGRESS CALL NUMBER | |
| Classification number | M 550 |
| Item number | Ar8 1987 |
| 100 ## - MAIN ENTRY--PERSONAL NAME | |
| Personal name | Arvetis, Chris |
| 245 ## - TITLE STATEMENT | |
| Title | Why is it hot? / |
| Statement of responsibility, etc | Chris Arvetis and Carole Palmer ; illustrated by Vernon McKissack. |
| 260 ## - PUBLICATION, DISTRIBUTION, ETC. (IMPRINT) | |
| Place of publication, distribution, etc | Middletown, CT : |
| Name of publisher, distributor, etc | Field Publications, |
| Date of publication, distribution, etc | 1987. |
| 300 ## - PHYSICAL DESCRIPTION | |
| Extent | 1 v. (unp.) : ill. ; cm. |
| 440 ## - SERIES STATEMENT/ADDED ENTRY--TITLE | |
| Title | A just ask book |
| 650 ## - SUBJECT ADDED ENTRY--TOPICAL TERM | |
| Topical term or geographic name as entry element | Weather |
| General subdivision | Juvenile literature. |
| 650 ## - SUBJECT ADDED ENTRY--TOPICAL TERM | |
| Topical term or geographic name as entry element | Temperature |
| General subdivision | Juvenile literature. |
| Withdrawn status | Lost status | Damaged status | Use restrictions | Home library | Current library | Shelving location | Date acquired | Source of acquisition | Total Checkouts | Full call number | Barcode | Date last seen | Price effective from | Koha item type |
|---|---|---|---|---|---|---|---|---|---|---|---|---|---|---|
| Munich Library | Munich Library | Main Section | 06/03/2004 | M 550 Ar8 1987 | M0493 | 04/14/2014 | 04/14/2014 | Books |